| 000 | 00500nam a2200157Ia 4500 | ||
|---|---|---|---|
| 008 | 151213s9999 xx 000 0 und d | ||
| 020 | _a984-455-000-2 | ||
| 100 | _aআল মাহমুদ। | ||
| 245 |
_aকবি ও কোলাহল। _cআল মাহমুদ। |
||
| 260 |
_aঢাকা _bশিল্পতরু প্রকাশনী। _c1993 |
||
| 300 | _a8448 p. | ||
| 650 | _aBangla | ||
| 650 | _aBengali Literature | ||
| 700 | _aআল মাহমুদ। | ||
| 999 |
_c4286 _d4286 |
||